000 00408nam a2200181Ia 4500
001 7341
005 20260306160448.0
008 260306t2008||||xx |||||||||||||| ||spa||
041 _aESP
082 _a338.5
_bS81
100 _aStiglitz, Joseph E.
_eAUT
245 0 _aMicroeconomĂ­a
260 _c2008
300 _a571 páginas :
_c24 cm.
650 _aGEN
654 _aCAN
942 _cLIB
_dJUS
_fJUS
_2ddc
_n
999 _c7341
_d7341